000 00880nas a2200277 4500
001 BR0700672
003 BR-BrBNA
005 20231205110530.0
007 ta
008 230509b bl.|||p| |||| 00| 00por d
040 _aBR-BrBNA
_bpor
_cBiblioteca Nacional de Agricultura
041 _a(Pt)
072 _aH10
100 1 _aGerk, A.O.
100 1 _aVilela, E.F.
100 1 _aPires, C.S.S.
100 1 _aEiras, A.E.
245 1 _aBiometria e ciclo de vida da mosca branca, Trialeurodes vaporariorum (West.)e aspectos da orientação do seu parasitóide Encarsia formosa Gahan
650 _aTOMATE
650 _aMOSCA BRANCA
650 _aBIOLOGIA
650 _aPARASITOIDE
773 0 _tAnais da Sociedade Entomológica do Brasil (Brazil)
_xISSN 0301-8059
_g(1995), v. 24(1) p. 89-97
_wBR0700672
909 _a202311
_bLúcia
_c55
_dLúcia Elande
942 _2AGRIS
_n0
_cANA
999 _c187767
_d187767